| 000 | 00762nam a22002890a 4500 | ||
|---|---|---|---|
| 001 | PT60835 | ||
| 003 | AR-LpoUNG | ||
| 005 | 20210131232016.0 | ||
| 008 | 191001s2008||||ag |||||||||||||||||spa d | ||
| 020 |
_a9789871362790 _c$7.50 |
||
| 040 |
_aAR-LpoUNG _bspa _cAR-LpoUNG _eaacr |
||
| 041 | _aspa | ||
| 044 | _aag | ||
| 082 | 0 | _a808.068 3 438per | |
| 100 | 1 | _aPérez Aguilar, Graciela | |
| 245 | 1 | 0 | _aPerros, gatos y sueños |
| 250 | _a1ra. ed. | ||
| 260 |
_aBuenos Aires : _bSiete vacas, _c2008. |
||
| 300 |
_a45 p. : _bil. |
||
| 505 | 0 | _aSugerido a partir de 6 años (etiqueta AMARILLA) | |
| 650 | 4 | _aCUENTOS | |
| 650 | 4 | _aLITERATURA | |
| 653 | _aLITERATURA INFANTIL | ||
| 700 | 1 |
_aLescarboura, Marcela _eil. |
|
| 905 | _a60835 | ||
| 942 | _cLIB | ||
| 999 |
_c13183 _d13183 |
||